Sports Quiz

Random Sports or MLB Quiz

MLB 300 Game Winners (Slideshow) Quiz Stats

Quiz not verified by Sporcle

Challenge
Share
Tweet
Score 0/24 Timer 08:00
0 Plays Today
% Correct
303 Wins - Randy Johnson
98.8%
354 Wins - Roger Clemens
97.4%
355 Wins - Greg Maddux
97.1%
324 Wins - Nolan Ryan
95%
305 Wins - Tom Glavine
92.1%
311 Wins - Tom Seaver
91.2%
511 Wins - Cy Young
90.9%
417 Wins - Walter Johnson
90.3%
329 Wins - Steve Carlton
86.8%
324 Wins - Don Sutton
83.2%
363 Wins - Warren Spahn
82.9%
373 Wins - Christy Mathewson
78.8%
% Correct
318 Wins - Phil Niekro
77.1%
314 Wins - Gaylord Perry
75.6%
300 Wins - Robert 'Lefty' Grove
68.2%
373 Wins - Grover Cleveland Alexander
58.2%
300 Wins - Early Wynn
50.9%
365 Wins - James 'Pud' Galvin
47.6%
326 Wins - Eddie Plank
40.9%
361 Wins - Charles 'Kid' Nichols
40.9%
309 Wins - Charles 'Old Hoss' Radbourn
36.2%
342 Wins - Tim Keefe
31.5%
307 Wins - Mickey Welch
28.8%
328 Wins - John Clarkson
28.5%

You're not logged in!

Compare scores with friends on all Sporcle quizzes.
Sign Up with Email
OR
Log In

You Might Also Like...

Show Comments

Extras

Top Quizzes Today


Score Distribution

Your Account Isn't Verified!

In order to create a playlist on Sporcle, you need to verify the email address you used during registration. Go to your Sporcle Settings to finish the process.